Cuadernos de la cátedra Miguel de Unamuno

Na minha lista:
Detalhes bibliográficos
Main Authors: Morales Moya, Antonio (autor), Samaniego Boneu, Mercedes (Author)
Formato: Livro
Idioma:espanhol
Publicado em: Salamanca Universidad Salamanca 1995
Colecção:Segunda Epoca, 30
Assuntos:
Tags: Adicionar Tag
Sem tags, seja o primeiro a adicionar uma tag!

MARC

LEADER 00000nam a2200000 a 4500
001 UCS1941
003 CL-VaPUC
008 970516e19950000SP |||||||||||||||||spa|d
082 0 4 |a 863.09  |b MOR  |2 21 
100 |a Morales Moya, Antonio  |e autor  |9 386865 
700 0 |a Samaniego Boneu, Mercedes  |e author  |9 386866 
245 1 0 |a Cuadernos de la cátedra Miguel de Unamuno 
300 |a 200 p 
942 |c BK 
945 |d 19970516 00:00:00  |a rleighto 
260 |a Salamanca  |b Universidad Salamanca  |c 1995 
600 0 7 |a UNAMUNO, MIGUEL DE  |2 CL-VaPUC  |9 312478 
650 7 |a NOVELA ESPAÑOLA  |2 CL-VaPUC  |9 313139 
650 0 |a Crítica e interpretación   |9 255042 
583 |a last modification  |c 19970516 00:00:00  |k Rodrigo Vera 
490 0 |a Segunda Epoca, 30 
999 |c 259951  |d 259949 
952 |0 0  |1 0  |4 0  |6 863_090000000000000_MOR_1995  |7 0  |8 A  |9 285485  |a FDOPOS  |b FDOPOS  |d 2019-11-19  |i 3305686  |o 863.09 MOR 1995  |p 3305686  |r 2025-01-22  |w 2019-11-19  |y BK  |k MLH